Countries that Start with M - Statistics

General Stats
  • This quiz has been taken 37 times
  • The average score is 14 of 18
Answer Stats
Answer % Correct
Mauritania
91%
Mauritius
91%
Mozambique
91%
Monaco
89%
Malaysia
86%
Mali
86%
Myanmar
86%
Montenegro
83%
Madagascar
80%
Maldives
80%
Malta
80%
Mexico
80%
Mongolia
80%
Marshall Islands
77%
Moldova
77%
Morocco
74%
Malawi
66%
Micronesia
49%
No matching quizzes found
Score Distribution
Percent of People with Each Score
Percentile by Number Answered
Your Score History
You have not taken this quiz